Molecular Modelling (Record no. 16449)

000 -LEADER
fixed length control field 00523nam a22001817a 4500
003 - CONTROL NUMBER IDENTIFIER
control field OSt
005 - DATE AND TIME OF LATEST TRANSACTION
control field 20170105103440.0
008 - FIXED-LENGTH DATA ELEMENTS--GENERAL INFORMATION
fixed length control field 120419t xxu||||| |||| 00| 0 eng d
020 ## - INTERNATIONAL STANDARD BOOK NUMBER
International Standard Book Number 9788131728604
040 ## - CATALOGING SOURCE
Original cataloging agency ASAB
Transcribing agency ASAB
100 ## - MAIN ENTRY--PERSONAL NAME
Personal name Andrew R Leachh
9 (RLIN) 66
245 ## - TITLE STATEMENT
Title Molecular Modelling
Remainder of title Principles and Applications
Statement of responsibility, etc. Andrew R Leach
260 ## - PUBLICATION, DISTRIBUTION, ETC.
Place of publication, distribution, etc. India
Name of publisher, distributor, etc. Pearson Education
300 ## - PHYSICAL DESCRIPTION
Extent 744 pages
440 ## - SERIES STATEMENT/ADDED ENTRY--TITLE
Title Molecular Modelling principles and Applications
9 (RLIN) 67
650 ## - SUBJECT ADDED ENTRY--TOPICAL TERM
Source of heading or term Molecular Modelling
9 (RLIN) 68
942 ## - ADDED ENTRY ELEMENTS (KOHA)
Source of classification or shelving scheme
Koha item type Book
Holdings
Withdrawn status Lost status Source of classification or shelving scheme Damaged status Not for loan Permanent Location Current Location Date acquired Total Checkouts Full call number Barcode Date last seen Date last checked out Price effective from Koha item type
          Atta-ur-Rahman School of Applied Biosciences (ASAB) Atta-ur-Rahman School of Applied Biosciences (ASAB) 04/19/2012 1 541.22 LEA ASAB1323 07/18/2019 09/16/2015 04/19/2012 Reference
© 2023 Central Library, National University of Sciences and Technology. All Rights Reserved.